Rosco de Pasapalabra #67 - Estadísticas

Estadísticas generales
  • Esta prueba ha sido intentada 261 veces
  • La puntuación promedio es 13 de 25
Estadísticas de respuestas
Inicial Definición Respuesta % Correcto
J Lance del ajedrez en que un jugador amenaza directamente al rey o a la reina del contrario Jaque
94%
D Diverso, distinto, que no es igual a otra cosa Diferente
91%
M Persona que viaja a pie con mochila Mochilero
90%
O Culminación del placer sexual Orgasmo
86%
I Que no produce o no transmite sonido Insonoro
82%
A Exclamación con que se incita a andar a las caballerías Arre
79%
Contiene la Ñ Añadir a las comidas el arreglo necesario de condimentos para que estén gustosas Aliñar
76%
C Cascada o salto grande de agua Catarata
69%
S Erupción leve y pasajera en la piel, formada por muchos granitos o ronchas Sarpullido
67%
G Collar corto Gargantilla
65%
H Parte de la geografía física que trata de la descripción de las aguas del globo terrestre Hidrografía
64%
Contiene la Y Perder el sentido y el conocimiento Desmayarse
62%
E Hueso pequeño de la parte media del oído de los mamíferos, que se articula con el yunque Estribo
60%
U Ciudad, especialmente muy populosa Urbe
59%
V Soldado que libremente se alista para el servicio Voluntario
58%
B Parte de un edificio situada inmediatamente debajo del tejado, con techo en pendiente y destinada a vivienda Buhardilla
54%
R Conjunto de obras que tiene preparadas para representarlas o ejecutarlas una compañía teatral o un músico Repertorio
50%
Contiene la X Vivienda distribuida en tres pisos comunicados mediante una escalera interior Tríplex
47%
Z Cualidad de la persona que tiene tendencia natural a utilizar preferentemente la mano y el pie izquierdos Zurdera
31%
N Se dice del arte o de la obra artística que se caracteriza por la representación sencilla, casi infantil, de la realidad Naíf
24%
Contiene la Q Cesto en que viajan los tripulantes de un globo Barquilla
8%
F Macizo de Lanzarote en el que se encuentran las Peñas del Chache, que constituye el punto más elevado de la isla Famara
4%
L Apellido del compositor autor del poema sinfónico titulado "En la cumbre del Alto-Bizkar" Landazábal
2%
P Moneda de vellón que se acuñó en tiempo de Felipe IV, y valía cuatro maravedís Perendengue
2%
T Baile popular, propio de la costa norte de Perú, que se ejecuta descalzo y por parejas sueltas Tondero
2%
No se encontraron pruebas coincidentes
Distribución de puntuación
Porcentaje de gente con cada puntuación
Porcentaje por número respondido
Historial de tus puntuaciones
No has intentado esta prueba.